Effect of some thickening agents on tecnological and rheological characteristics of Tomato Ketchup (Record no. 15287)

MARC details
000 -LEADER
fixed length control field 01088cam a2200277Ia 45 0
001 - CONTROL NUMBER
control field u159537
003 - CONTROL NUMBER IDENTIFIER
control field SIRSI
008 - FIXED-LENGTH DATA ELEMENTS--GENERAL INFORMATION
fixed length control field 100325n2004 ua a b 000 0 eng d
040 ## - CATALOGING SOURCE
Original cataloging agency EAL
041 ## - LANGUAGE CODE
Language code of text/sound track or separate title eng
Language code of summary or abstract ara
090 ## - LOCALLY ASSIGNED LC-TYPE CALL NUMBER (OCLC); LOCAL CALL NUMBER (RLIN)
Classification number (OCLC) (R) ; Classification number, CALL (RLIN) (NR) CD-1773
100 1# - MAIN ENTRY--PERSONAL NAME
Personal name El-Sheikh, Dalia Mohamed.
245 10 - TITLE STATEMENT
Title Effect of some thickening agents on tecnological and rheological characteristics of Tomato Ketchup
Medium [computer file]/
Statement of responsibility, etc. Dalia Mohamed El-Sheikh.
246 15 - VARYING FORM OF TITLE
Title proper/short title تأثير بعض المواد المحسنة للقوام على الخصائص التكنولوجية والريولوجية لكاتشب الطماطم.
260 ## - PUBLICATION, DISTRIBUTION, ETC.
Date of publication, distribution, etc. 2004.
300 ## - PHYSICAL DESCRIPTION
Extent Computer laser optical disks;
Dimensions 4 3/4 in.
502 ## - DISSERTATION NOTE
Dissertation note Thesis (Ph.D.) --Cairo University, 2004.
504 ## - BIBLIOGRAPHY, ETC. NOTE
Bibliography, etc. note Includes bibliographical references (leaves [266]-281).
538 ## - SYSTEM DETAILS NOTE
System details note Systems requirments:Adobe Reader.
546 ## - LANGUAGE NOTE
Language note Summary in Arabic.
596 ## -
-- 1
650 #0 - SUBJECT ADDED ENTRY--TOPICAL TERM
Topical term or geographic name entry element Tomato industry
650 #0 - SUBJECT ADDED ENTRY--TOPICAL TERM
Topical term or geographic name entry element Ketchup.
856 40 - ELECTRONIC LOCATION AND ACCESS
Uniform Resource Identifier <a href="http://nile.enal.sci.eg/thesis/1773.pdf">http://nile.enal.sci.eg/thesis/1773.pdf</a>
Public note Content & Abstract.
942 ## - ADDED ENTRY ELEMENTS (KOHA)
Koha item type E-Thesis
Source of classification or shelving scheme Library of Congress Classification
Holdings
Withdrawn status Lost status Source of classification or shelving scheme Damaged status Not for loan Home library Current library Date acquired Total Checkouts Full call number Barcode Date last seen Copy number Price effective from Koha item type
    Library of Congress Classification     Main Main 02/19/2018   CD-1773 CD001773 02/19/2018 1 02/19/2018 E-Thesis

Home | About ENAL | Collections | Services | Activities | Calendar | Contact us

7 Nadi El Sayed St., Giza, Egypt | Phone:02-33351121 +02-33351313 | 
| Email: enalegypt@gmail.com